00718nam a22002177a 4500003000500000005001700005008004100022010001000063011001000073035001000083040000900093100003000102245009800132260004000230300002000270500001300290502008000303650003200383650004100415650004400456CHAP20220329141244.0971010s1970 r 00010 d a65231 a66203 a74210 cCHAP00aMora Razura, Julio de la. aAprovechamiento de los recursos hidráulicos de la zona alta del noreste de Chapingo, Méx. aChapingo, Méx. :bEl autor,c1970 a120 h.b: ilus. a1992/133 aTesis (Ing. Agr. Esp. en Irrigación) -- ENA. Departamento de Irrigación14aAgriculturazMexico (Edo.).14aAguaxAprovechamientoxMexico (Edo.)14aRecursos hidráulicosxMéxico (Edo.)